Statistiques concernant Mercredi Addams

Cliquez ici pour prendre le quiz!

Statistiques générales

  • Ce quiz a été pris 382 fois
  • Le résultat moyen est 5 sur 7

Statistiques - réponses

QuestionRéponse% Correct
comment se nomme la main qui est toujours avec Mercredi ?la chose
97%
Comment se nomme la colocatrice de Mercredi ?Enid Sinclair
96%
Qui est l' hyde dans Mercredi ?Tyler Galpin
83%
de quel instrument joue Mercredi Addams ?violoncelle
81%
Comment se nomme le méchant ?Joseph Crackstone
68%
avec qui mercredi va-t-elle au balTyler Galpin
56%
comment se nomme la musique joué lors du balGoo Goo Muck
25%

Distribution des résultats

Percentile par nombre de réponses

% des personnes avec chaque résultat

Votre développement - résultats

Vous n’avez pas pris ce quiz